000 00635nam a2200229Ia 4500
003 OSt
005 20221007074203.0
006 a|||||r|||| 00| 0
007 ta
008 221006b |||||||| |||| 00| 0 eng d
024 _a28,381
037 _cReports / Technical Reports
040 _aFLL
_cFLL
_beng
041 _2eng
_aeng
082 _aZ73,8,51, L7
100 _aHorowitz Donald L.
245 0 _aJurocracy
260 _aMassachusetts
_bLexington Books Tronoto
_c1977
300 _axi,145p
_ccm.
942 _hZ73,8,51, L7
_cREP
_2CC
999 _c1151471
_d1151471